00637nam a2200157 a 4500003000200000005001700002008004100019050003000060100002200090245009900112260009000211300004800301504004100349650005000390650003900440020250515074508.0970101s19uu xx 00 eng d aPHS BX 1795.C4b.B34 2004 aBago, Angeline N. aPerceptions of Roman Catholic Seminarians and Nuns on the vow of Celibacy /cAngeline N. Bago. aLas Piñas City, Philippines :bSouthville International School and Colleges,c2004. aunnumbered pages :billustrations ;c28 cm. aIncludes bibliographical references. aCelibacyxReligious aspectsvCatholic Church. aVows (Religious)xCatholic Church.